| 000 | 01213cac a22003731i 4500 | ||
|---|---|---|---|
| 003 | EG-GICUC | ||
| 005 | 20260121101350.0 | ||
| 008 | 251127s1961 mau fr 000 0 eng d | ||
| 040 |
_aDLC _cMRI _dDLC _dEG-GICUC _beng _erda |
||
| 050 | 0 | 0 |
_aKF4549 _b.F7 1961 |
| 082 | 0 | 0 |
_a342.073 _221 |
| 092 | 0 | 4 | _221 |
| 099 | _aLaw 08 1961 | ||
| 245 | 0 | 0 |
_aConstitutional law: cases and other problems _cPaul A. Freund... [et-al] _nVolume 2 |
| 250 | _a2d edition. | ||
| 264 |
_aBoston, _bLittle, Brown, _c1961. |
||
| 300 |
_a2 volumes ; _c26cm. _billustrations, |
||
| 336 |
_atext _btxt _2rdacontent |
||
| 337 |
_aunmediated _bn _2rdamedia |
||
| 338 |
_avolume _bnc _2rdacarrier |
||
| 490 | 0 | _aLaw school casebook series | |
| 500 | _aVolume 2 (xxx, (828-1866) pages) | ||
| 500 | _aIncludes index. | ||
| 504 | _aBibliography: pages 200-250. | ||
| 650 | 0 |
_aConstitutional law _zUnited States _xCases. _2qrmak |
|
| 651 | 1 | _2qrmak | |
| 700 | 1 |
_aFreund. Paul A., _eAuthor. |
|
| 700 | 1 |
_aSutherland, Arthur E., _eAuthor. |
|
| 700 | 1 |
_aHowe, Mark DeWolfe, _eAuthor. |
|
| 700 | 1 |
_aBrown, Ernest J., _eAuthor. |
|
| 856 | 4 | 0 | _uhttps://fll.law.cu.edu.eg/fulltext/bks/ENGB08-00042.pdf |
| 905 | _a10 | ||
| 942 |
_2ddc _cBK _e21 _n0 |
||
| 999 |
_c46369 _d46369 |
||